The river war : (Record no. 552729)

000 -LEADER
fixed length control field 01075cam a22001694 4500
082 ## - DEWEY DECIMAL CLASSIFICATION NUMBER
Classification number 962.403
Author Mark CHU
-- D
100 1# - MAIN ENTRY--PERSONAL NAME
Personal name Churchill, Winston,
9 (RLIN) 49036
245 14 - TITLE STATEMENT
Title The river war :
Remainder of title an historical account of the reconquest of the Soudan /
Statement of responsibility, etc. by Winston Spencer Churchill ; edited by F. Rhodes ; illustrated by Angus McNeill.
260 ## - PUBLICATION, DISTRIBUTION, ETC.
Place of publication, distribution, etc. London ;
-- New York :
Name of publisher, distributor, etc. Longmans,Green and co.,
Date of publication, distribution, etc. 1899.
300 ## - PHYSICAL DESCRIPTION
Extent 2 v. :
Other physical details ill., ports., maps (some fold.), plans (some fold.) ;
Dimensions 24 cm.
500 ## - GENERAL NOTE
General note Appendices: A. Composition of the staff during the river war.-- B. Extracts from the despatches of referring to recommendations.-- C. Extracts from the London gazette showing honours and promotions given.-- D. Extracts from a memorandum for guidance of officers commanding British infantry in the Soudan.--E. Text of the Soudan agreement of the 19th of January 1899, and of the declaration of the 21st of March 1899.
526 ## - STUDY PROGRAM INFORMATION NOTE
Program name 0
Interest level 0
Reading level 0
Title point value 962_403000000000000_CHU
526 ## - STUDY PROGRAM INFORMATION NOTE
Program name 0
Interest level 0
Reading level 0
Title point value 962_403000000000000_CHU
650 ## - SUBJECT ADDED ENTRY--TOPICAL TERM
Topical term or geographic name entry element MCE
9 (RLIN) 379
700 1# - ADDED ENTRY--PERSONAL NAME
Personal name Rhodes, F.
9 (RLIN) 49992
942 ## - ADDED ENTRY ELEMENTS (KOHA)
Source of classification or shelving scheme
Koha item type Book
Holdings
Withdrawn status Lost status Source of classification or shelving scheme Damaged status Not for loan Permanent Location Current Location Shelving location Date acquired Total Checkouts Full call number Barcode Date last seen Price effective from Koha item type
          Military College of Engineering (MCE) Military College of Engineering (MCE)   01/21/2015   962.403 CHU MCE-ECR/99 01/21/2015 01/21/2015 Book
          Military College of Engineering (MCE) Military College of Engineering (MCE)   01/23/2015   962.403 CHU MCE-ECR/99.2 01/23/2015 01/23/2015 Book
© 2023 Central Library, National University of Sciences and Technology. All Rights Reserved.